| 000 | 00614nam a2200217Ia 4500 | ||
|---|---|---|---|
| 005 | 20241129120057.0 | ||
| 008 | 241129s9999||||xx |||||||||||||| ||und|| | ||
| 020 | _a9781032483467 | ||
| 037 | _aTB | ||
| 040 |
_aSDCL _beng _cSDCL |
||
| 041 |
_aeng _2eng |
||
| 084 |
_aR:(G:55), R4 _qSDCL |
||
| 100 |
_aHenry Wayne I. _9729069 |
||
| 245 | 2 | _aA Philosopher's Guide to Natural Capitalism: A Sustainable Future Within Reach | |
| 260 |
_aNew York _bRoutledge _c2024 |
||
| 300 | _axviii,285p. | ||
| 365 |
_aGBP _b35 |
||
| 650 | _aPhilosophy | ||
| 942 |
_cTB _hR:(G:55), R4 |
||
| 999 |
_c1233245 _d1233245 |
||